00500nam a2200145Ia 4500020001800000082002500018100001500043245005400058260005000112300001700162504003000179650003300209700001900242710009300261 a81-85004-36-6 aRR 016.305230954 VYA aVyas, Anju 0aGirl child in India: a bibliographical compendium aNew DelhibIndian Bibliographies Bureauc1992 axviii, 205p. aIncludes index /Ref. book aGirls - Bibliography - India aMudgal, Madhu  aIndia. Ministry of Human Resource Development. Department of Women and Child Development